Sewangi-wangi tulang

Bibliographic Details
Main Author: Muhd Mansur Abdullah
Format: Book
Published: Kuala Lumpur : DBP , 1992
Subjects:

MARC

LEADER 00000cam a2200000 7i4500
001 0000006447
002 000006959
005 20000330.0
020 |a 9836228810 
090 0 0 |a F   |b MUH 
100 0 |a Muhd Mansur Abdullah 
245 1 0 |a Sewangi-wangi tulang   |c Muhd Mansur Abdullah 
260 |a Kuala Lumpur :   |b DBP ,   |c 1992 
300 |a 184 p. ;   |c 18 cm. 
650 0 0 |a Short stories, Malay 
999 |a 039789   |b BUKU   |c PINJAMAN   |e PERPUSTAKAAN KOMUNITI PETALING JAYA 
999 |a 039790   |b BUKU   |c PINJAMAN   |e PERPUSTAKAAN KOMUNITI PETALING JAYA 
999 |a 055234   |b BUKU   |c FICTION   |e PERPUSTAKAAN KOMUNITI CAW KOTA DAMANSARA